Čím sa zaoberá demografia podnikov

Základné ukazovatele zamerané na charakterizovanie počtu vzniknutých a zaniknutých podnikov v rámci EÚ a ukazovateľov počtu zamestnaných v uvedených podnikoch, ktoré súvisia aj s prežitím podnikov v čase.

Salvato in:
Dettagli Bibliografici
Autore principale: Vojtková, Mária, 1966-
Natura: Capitolo di libro
Lingua:slovacco
Soggetti:
Tags: Aggiungi Tag
Nessun Tag, puoi essere il primo ad aggiungerne!!

MARC

LEADER 00000naa$a2200000$$$4500
001 0195682
005 20240502073303.5
041 0 |a slo 
044 |a SK 
245 1 0 |a Čím sa zaoberá demografia podnikov  |c Mária Vojtková 
520 |a Základné ukazovatele zamerané na charakterizovanie počtu vzniknutých a zaniknutých podnikov v rámci EÚ a ukazovateľov počtu zamestnaných v uvedených podnikoch, ktoré súvisia aj s prežitím podnikov v čase. 
610 2 0 |a vývoj podniku 
610 2 0 |a cyklus podniku životný 
610 2 0 |a register podnikový 
610 2 0 |a register obchodný 
610 2 0 |a demografia 
610 2 0 |a údaje štatistické 
100 1 |a Vojtková, Mária, 1966-